000 00653nam a22002297a 4500
003 OSt
005 20220107122722.0
008 130828b xxu||||| |||| 00| 0 eng d
020 _a9781584886181
040 _cIIITM-K
082 _a005.82 MOL/I;1
100 _aMollin, Richard A
_92247
245 _aAn introduction to cryptography
_cby Richard A Mollin
250 _a2nd edition
260 _aBoca Raton,
_bTaylor & Francis,
_c2007.
300 _ax, 413p.
440 _aDiscrete mathematics and its applications
_92248
650 _aCOMPUTER SCIENCE
_92249
650 _aSYSTEM SECURITY
_92250
650 _aCRYPTOGRAPHY
_92251
942 _2ddc
_cBK
999 _c3343
_d3343